[Event "MP Reykjavik Open 2011"]
[Site "Reykjavik ISL"]
[Date "2011.03.09"]
[Round "1.26"]
[White "Kveinys, Aloyzas"]
[Black "Salewski, Bernd"]
[Result "1-0"]
[WhiteElo "2506"]
[BlackElo "2056"]
[PlyCount "119"]
[EventDate "2011.03.09"]
[EventType "swiss"]
[EventRounds "9"]
[EventCountry "ISL"]
[Source "lmi"]
[SourceDate "2011.03.09"]

1. Nf3 d5 2. c4 e6 3. d4 c6 4. e3 f5 5. Nc3 Nf6 6. Bd3 Bd6 7. Qc2 Ne4 8. O-O
O-O 9. Ne2 Nd7 10. b3 Qe8 11. Bb2 Qh5 12. Ne5 Rf6 13. Nf4 Qh6 14. cxd5 exd5 15.
f3 Ng5 16. Rae1 Nf8 17. Qc1 Nfe6 18. Ba3 Bxa3 19. Qxa3 Nxf4 20. exf4 Ne6 21. g3
g6 22. b4 Qf8 23. Qc3 Qd8 24. Rd1 Qb6 25. Bc2 Rf8 26. Rd2 Rd8 27. Re1 Kg7 28.
a3 a5 29. Kg2 Kf6 30. Nd3 Qb5 31. Nc5 Re8 32. Bd3 Qb6 33. Rde2 axb4 34. axb4
Qd8 35. h4 Qd6 36. b5 cxb5 37. Bxb5 Re7 38. Re5 b6 39. Nxe6 Bxe6 40. R1e2 Ra5
41. Bd3 Raa7 42. Qb2 Bf7 43. g4 Be6 44. g5+ Kf7 45. h5 Kf8 46. h6 Bf7 47. Bb5
Rxe5 48. fxe5 Qd8 49. Qb4+ Qe7 50. Rb2 Qxb4 51. Rxb4 f4 52. Bc6 Ra6 53. Rb5
Ra2+ 54. Kf1 Ra3 55. Kf2 Ra2+ 56. Ke1 Ra3 57. Rxb6 Rxf3 58. Rb8+ Ke7 59. Rb7+
Ke6 60. Bd7+ 1-0

[Event "MP Reykjavik Open 2011"]
[Site "Reykjavik ISL"]
[Date "2011.03.09"]
[Round "1.27"]
[White "Will, Matthias"]
[Black "D'amore, Carlo"]
[Result "0-1"]
[WhiteElo "2047"]
[BlackElo "2505"]
[PlyCount "94"]
[EventDate "2011.03.09"]
[EventType "swiss"]
[EventRounds "9"]
[EventCountry "ISL"]
[Source "lmi"]
[SourceDate "2011.03.09"]

1. d4 g6 2. Nf3 Bg7 3. Bg5 d6 4. Nbd2 h6 5. Bh4 g5 6. Bg3 g4 7. Nh4 Bxd4 8. c3
Bg7 9. e4 h5 10. Nf5 Bf6 11. h4 Nc6 12. Qb3 e6 13. Ne3 Nge7 14. Rd1 Ng6 15. f4
gxf3 16. Nxf3 Nce5 17. Nxe5 Bxe5 18. Bxe5 Nxe5 19. Be2 Bd7 20. Bb5 Rg8 21. Rd2
a6 22. Bxd7+ Qxd7 23. Qxb7 Ke7 24. Qb3 Qc6 25. Qc2 Rg3 26. Re2 Rag8 27. Kd1 Qc5
28. Nf1 R3g4 29. Ne3 Rf4 30. Rh3 Nc4 31. b4 Nxe3+ 32. Rhxe3 Qe5 33. Qa4 Rf1+
34. Kd2 Qb5 35. Qb3 Rg1 36. c4 Qe5 37. Qa3 Qa1 38. g3 Rd1+ 39. Kc2 Qb1+ 40. Kc3
Rc1+ 41. Kd4 c5+ 42. bxc5 e5+ 43. Kd5 Qb7+ 44. c6 Rd1+ 45. Rd3 Rxd3+ 46. Qxd3
Qc8 47. c5 Qe6# 0-1

[Event "MP Reykjavik Open 2011"]
[Site "Reykjavik ISL"]
[Date "2011.03.09"]
[Round "1.28"]
[White "Grover, Sahaj"]
[Black "Kristinsson, Bjarni Jens"]
[Result "1-0"]
[WhiteElo "2495"]
[BlackElo "2039"]
[PlyCount "101"]
[EventDate "2011.03.09"]
[EventType "swiss"]
[EventRounds "9"]
[EventCountry "ISL"]
[Source "lmi"]
[SourceDate "2011.03.09"]

1. e4 c5 2. Nf3 e6 3. d4 cxd4 4. Nxd4 a6 5. Nc3 b5 6. Bd3 Bc5 7. Nb3 Be7 8. f4
d6 9. Qe2 Nf6 10. e5 dxe5 11. fxe5 Nd5 12. Nxd5 exd5 13. O-O Be6 14. a4 b4 15.
a5 O-O 16. Be3 Nc6 17. Bb6 Qc8 18. Rae1 Bd8 19. Qf2 Rb8 20. Bxd8 Rxd8 21. Nc5
Ra8 22. Nxe6 Qxe6 23. Bf5 Qe7 24. e6 f6 25. Qh4 g5 26. Qh6 Ra7 27. Bd3 Rf8 28.
h4 Qg7 29. hxg5 Qxg5 30. Qh3 Rg7 31. Rf5 Qd2 32. Ref1 Ne7 33. Rxf6 Rxf6 34.
Rxf6 Qc1+ 35. Rf1 Qxb2 36. Qh2 Qc3 37. Qb8+ Nc8 38. Bxa6 Qe3+ 39. Rf2 Qe1+ 40.
Bf1 Qxe6 41. Qxb4 Rf7 42. Rxf7 Kxf7 43. Qd4 Ne7 44. a6 Nc6 45. Qc5 Kg7 46. a7
Nxa7 47. Qxa7+ Kg8 48. Qd4 Qf5 49. Bd3 Qh5 50. Qf4 h6 51. Qf5 1-0

[Event "MP Reykjavik Open 2011"]
[Site "Reykjavik ISL"]
[Date "2011.03.09"]
[Round "1.29"]
[White "Horn, Emilia"]
[Black "Henrichs, Thomas"]
[Result "0-1"]
[WhiteElo "2031"]
[BlackElo "2480"]
[PlyCount "70"]
[EventDate "2011.03.09"]
[EventType "swiss"]
[EventRounds "9"]
[EventCountry "ISL"]
[Source "lmi"]
[SourceDate "2011.03.09"]

1. e4 c5 2. Nf3 Nc6 3. Bb5 e6 4. Bxc6 bxc6 5. d3 Ne7 6. Nc3 Qc7 7. e5 Ng6 8.
Qe2 Be7 9. h4 f6 10. exf6 gxf6 11. g3 h5 12. d4 d5 13. Qd3 Kf7 14. Ne2 cxd4 15.
Nfxd4 e5 16. Nb3 Be6 17. f4 e4 18. Qe3 f5 19. Ned4 Bd7 20. c3 c5 21. Nc2 a5 22.
Qf2 a4 23. Nd2 Bf6 24. Nb1 d4 25. cxd4 cxd4 26. O-O e3 27. Qe2 Nxh4 28. gxh4
Rag8+ 29. Kh2 Rg4 30. Nxe3 Rxh4+ 31. Kg1 dxe3 32. Qxe3 Rg8+ 33. Kf2 Rh2+ 34.
Ke1 Bh4+ 35. Kd1 Qc2# 0-1

[Event "MP Reykjavik Open 2011"]
[Site "Reykjavik ISL"]
[Date "2011.03.09"]
[Round "1.30"]
[White "Sammalvuo, Tapani"]
[Black "Hajenius, Willem"]
[Result "1-0"]
[WhiteElo "2471"]
[BlackElo "2028"]
[PlyCount "75"]
[EventDate "2011.03.09"]
[EventType "swiss"]
[EventRounds "9"]
[EventCountry "ISL"]
[Source "lmi"]
[SourceDate "2011.03.09"]

1. Nf3 Nf6 2. c4 g6 3. Nc3 Bg7 4. e4 d6 5. d4 O-O 6. Be2 e5 7. O-O Nc6 8. d5
Ne7 9. Ne1 Nd7 10. Be3 f5 11. f3 f4 12. Bf2 g5 13. a4 Ng6 14. a5 Rf7 15. Nd3
Bf8 16. b4 h5 17. c5 Nf6 18. cxd6 cxd6 19. h3 Rh7 20. Rc1 g4 21. fxg4 hxg4 22.
hxg4 Nh4 23. Ne1 Qe7 24. Nb5 Qg7 25. Rc7 Bd7 26. Qd3 a6 27. Nc3 Be7 28. Rxb7
Bxg4 29. Bxh4 Rxh4 30. Bxg4 Nxg4 31. Rf3 Rf8 32. Nd1 Qg5 33. Rh3 Ne3 34. Rxh4
Qxh4 35. Nf3 Qg3 36. Nxe3 fxe3 37. Qxe3 Bh4 38. Qh6 1-0

[Event "MP Reykjavik Open 2011"]
[Site "Reykjavik ISL"]
[Date "2011.03.09"]
[Round "1.31"]
[White "Magnusson, Magnus"]
[Black "Berbatov, Kiprian"]
[Result "0-1"]
[WhiteElo "2026"]
[BlackElo "2454"]
[PlyCount "108"]
[EventDate "2011.03.09"]
[EventType "swiss"]
[EventRounds "9"]
[EventCountry "ISL"]
[Source "lmi"]
[SourceDate "2011.03.09"]

1. e4 c5 2. Nc3 g6 3. g3 Bg7 4. Bg2 Nc6 5. d3 d6 6. Be3 e5 7. Qd2 Nge7 8. Bh6
O-O 9. Bxg7 Kxg7 10. f4 exf4 11. gxf4 d5 12. Nf3 dxe4 13. dxe4 Qxd2+ 14. Nxd2
Nd4 15. O-O-O Bg4 16. Rde1 Rad8 17. h3 Be6 18. Nf3 b6 19. Rd1 Rd7 20. Rd2 Rfd8
21. Nxd4 cxd4 22. Ne2 d3 23. Nc3 Nc6 24. Rxd3 Rxd3 25. cxd3 Rxd3 26. f5 Bd7 27.
fxg6 hxg6 28. Ne2 Ne5 29. b3 Rd6 30. h4 Bg4 31. Nc3 Rf6 32. Rf1 Rxf1+ 33. Bxf1
Kh6 34. Nb5 a5 35. Nc7 Bf3 36. Nd5 Bxe4 37. Nxb6 Kh5 38. Kd2 Kxh4 39. Ke3 f5
40. a4 g5 41. Bb5 g4 42. Nc4 Nxc4+ 43. bxc4 g3 44. c5 f4+ 45. Kxf4 g2 46. Kxe4
g1=Q 47. c6 Qc5 48. Kf4 Qd6+ 49. Kf5 Kg3 50. Ke4 Qc5 51. Kd3 Kf3 52. c7 Qxc7
53. Kd4 Qd6+ 54. Kc4 Ke3 0-1

[Event "MP Reykjavik Open 2011"]
[Site "Reykjavik ISL"]
[Date "2011.03.09"]
[Round "1.32"]
[White "Gretarsson, Hjorvar Steinn"]
[Black "Puuska, Heini"]
[Result "1-0"]
[WhiteElo "2444"]
[BlackElo "2014"]
[PlyCount "39"]
[EventDate "2011.03.09"]
[EventType "swiss"]
[EventRounds "9"]
[EventCountry "ISL"]
[Source "lmi"]
[SourceDate "2011.03.09"]

1. c4 e6 2. Nc3 d5 3. d4 Nf6 4. cxd5 exd5 5. Bg5 Be7 6. e3 h6 7. Bh4 O-O 8. Bd3
c6 9. Qc2 Re8 10. Nge2 Ne4 11. Bxe7 Qxe7 12. Bxe4 dxe4 13. Ng3 f5 14. O-O Be6
15. f3 Qg5 16. fxe4 Qxe3+ 17. Kh1 fxe4 18. Ncxe4 Qxd4 19. Nf6+ gxf6 20. Qg6+
1-0

[Event "MP Reykjavik Open 2011"]
[Site "Reykjavik ISL"]
[Date "2011.03.09"]
[Round "1.34"]
[White "Gunnarsson, Jon Viktor"]
[Black "Brynjarsson, Helgi"]
[Result "1-0"]
[WhiteElo "2428"]
[BlackElo "2008"]
[PlyCount "65"]
[EventDate "2011.03.09"]
[EventType "swiss"]
[EventRounds "9"]
[EventCountry "ISL"]
[Source "lmi"]
[SourceDate "2011.03.09"]

1. e4 e5 2. Nf3 Nc6 3. Bc4 Bc5 4. d3 Nf6 5. c3 d6 6. Bb3 Be6 7. Bc2 d5 8. Qe2
dxe4 9. dxe4 Bg4 10. h3 Bh5 11. Nbd2 Qe7 12. Nf1 Bg6 13. Bg5 h6 14. Bd2 Rd8 15.
g4 Kd7 16. Ng3 Kc8 17. O-O-O a6 18. Nh4 Ne8 19. Nhf5 Bxf5 20. Nxf5 Qf6 21. Rhg1
g5 22. Ba4 Ne7 23. Be3 Bxe3+ 24. Qxe3 Nxf5 25. exf5 Rxd1+ 26. Rxd1 Nd6 27. Qa7
c6 28. Qa8+ Kc7 29. Rxd6 Kxd6 30. Qxb7 Rd8 31. Bxc6 Kc5 32. Be4 Qb6 33. b4+ 1-0

[Event "MP Reykjavik Open 2011"]
[Site "Reykjavik ISL"]
[Date "2011.03.09"]
[Round "1.35"]
[White "Keetbaas, Herman"]
[Black "Thorfinnsson, Bjorn"]
[Result "0-1"]
[WhiteElo "1991"]
[BlackElo "2419"]
[PlyCount "59"]
[EventDate "2011.03.09"]
[EventType "swiss"]
[EventRounds "9"]
[EventCountry "ISL"]
[Source "lmi"]
[SourceDate "2011.03.09"]

1. e4 e5 2. Nf3 Nc6 3. Bb5 Nge7 4. O-O d6 5. c3 Bd7 6. d4 Ng6 7. Re1 Be7 8.
Nbd2 O-O 9. Nf1 Bf6 10. Ba4 Bg4 11. d5 Nce7 12. Ne3 Bc8 13. Bc2 Kh8 14. g3 Rg8
15. h4 Qd7 16. Bd3 Nf8 17. Bf1 h6 18. a4 Nh7 19. Bb5 Qd8 20. Kg2 g5 21. hxg5
Nxg5 22. Nxg5 Bxg5 23. Qh5 f5 24. Nxf5 Nxf5 25. exf5 Bxf5 26. Bxg5 Qxg5 27.
Qxg5 Rxg5 28. Rad1 Rf8 29. Bd3 Bg4 30. Be2 0-1

[Event "MP Reykjavik Open 2011"]
[Site "Reykjavik ISL"]
[Date "2011.03.09"]
[Round "1.36"]
[White "Andersen, Daniel"]
[Black "Dearing, Eddie"]
[Result "0-1"]
[WhiteElo "1983"]
[BlackElo "2412"]
[PlyCount "88"]
[EventDate "2011.03.09"]
[EventType "swiss"]
[EventRounds "9"]
[EventCountry "ISL"]
[Source "lmi"]
[SourceDate "2011.03.09"]

1. c4 Nf6 2. Nc3 e5 3. Nf3 Nc6 4. e4 Bb4 5. d3 d6 6. g3 h6 7. Bg2 O-O 8. Bd2 a6
9. O-O Rb8 10. a3 Bc5 11. b4 Ba7 12. Nd5 Nxd5 13. cxd5 Ne7 14. Bc3 Bd7 15. d4
f6 16. Bb2 Ng6 17. Rc1 Rc8 18. Ne1 Qe8 19. Nc2 Ne7 20. Ne3 Ba4 21. Qd2 Qh5 22.
h3 Bb5 23. Rfe1 Rfd8 24. Nc4 c6 25. Na5 Rb8 26. dxc6 Nxc6 27. Nxc6 Bxc6 28. d5
Bd7 29. Kh2 f5 30. exf5 Qxf5 31. f4 Re8 32. fxe5 dxe5 33. Qe2 Qg5 34. h4 Qg6
35. Qe4 Qh5 36. Rc7 Bf5 37. Qc4 b5 38. Qb3 Bb6 39. d6+ Kh8 40. Re7 Rxe7 41.
dxe7 Re8 42. Rxe5 Bc7 43. Bc6 Bxe5 44. Bxe5 Qe2+ 0-1

[Event "MP Reykjavik Open 2011"]
[Site "Reykjavik ISL"]
[Date "2011.03.09"]
[Round "1.37"]
[White "Zelbel, Patrick"]
[Black "Plug, Arjan"]
[Result "1-0"]
[WhiteElo "2410"]
[BlackElo "1965"]
[PlyCount "49"]
[EventDate "2011.03.09"]
[EventType "swiss"]
[EventRounds "9"]
[EventCountry "ISL"]
[Source "lmi"]
[SourceDate "2011.03.09"]

1. e4 e6 2. d4 d5 3. Nd2 h6 4. Bd3 Nf6 5. e5 Nfd7 6. Ne2 c5 7. c3 Nc6 8. O-O
Be7 9. f4 cxd4 10. cxd4 Qb6 11. Nf3 Nf8 12. a3 Bd7 13. b4 Rc8 14. Rb1 a6 15.
Qb3 Nh7 16. g4 Nd8 17. a4 Qc6 18. b5 Qb6 19. Bd2 axb5 20. axb5 O-O 21. Ra1 Qc7
22. Kh1 f6 23. Rac1 Qb6 24. Rxc8 Bxc8 25. Qc2 1-0

[Event "MP Reykjavik Open 2011"]
[Site "Reykjavik ISL"]
[Date "2011.03.09"]
[Round "1.38"]
[White "Reppen, Ellisiv"]
[Black "Debashis, Das"]
[Result "0-1"]
[WhiteElo "1963"]
[BlackElo "2398"]
[PlyCount "102"]
[EventDate "2011.03.09"]
[EventType "swiss"]
[EventRounds "9"]
[EventCountry "ISL"]
[Source "lmi"]
[SourceDate "2011.03.09"]

1. e4 c5 2. Nf3 e6 3. d4 cxd4 4. Nxd4 a6 5. Nc3 Qc7 6. Be2 b5 7. a3 Bb7 8. Bf3
d6 9. O-O Nd7 10. Re1 Ngf6 11. Be3 Be7 12. g3 h5 13. Bg2 h4 14. f4 hxg3 15.
hxg3 g6 16. Kf2 e5 17. Nb3 Kf8 18. Rh1 Kg7 19. Qe2 Nc5 20. Nxc5 dxc5 21. fxe5
Qxe5 22. Bf4 Qd4+ 23. Be3 Qd7 24. Bf3 Qe6 25. Rad1 Rad8 26. e5 Nd5 27. Nxd5
Bxd5 28. Bxd5 Rxd5 29. Rxh8 Kxh8 30. Rxd5 Qxd5 31. Qf3 Qe6 32. Qh1+ Kg7 33. Qe4
Qh3 34. Qf3 a5 35. Bd2 b4 36. axb4 cxb4 37. c3 Qh2+ 38. Ke1 b3 39. c4 a4 40.
Bc3 a3 41. e6+ f6 42. bxa3 b2 43. Bxb2 Qxb2 44. Qd5 Qxa3 45. Qd7 Qxg3+ 46. Ke2
Qd6 47. Qc8 Qc5 48. Qa6 g5 49. Kd3 Qd6+ 50. Qxd6 Bxd6 51. Ke4 Kf8 0-1

[Event "MP Reykjavik Open 2011"]
[Site "Reykjavik ISL"]
[Date "2011.03.09"]
[Round "1.39"]
[White "Thomassen, Joachim"]
[Black "Calder, Dennis"]
[Result "1-0"]
[WhiteElo "2396"]
[BlackElo "1949"]
[PlyCount "57"]
[EventDate "2011.03.09"]
[EventType "swiss"]
[EventRounds "9"]
[EventCountry "ISL"]
[Source "lmi"]
[SourceDate "2011.03.09"]

1. e4 e5 2. Nf3 Nc6 3. Bb5 a6 4. Ba4 Nf6 5. d3 d6 6. O-O Bd7 7. c3 g6 8. Re1
Bg7 9. d4 O-O 10. d5 Ne7 11. c4 Bg4 12. Nc3 Nh5 13. h3 Bd7 14. Bxd7 Qxd7 15. a4
h6 16. a5 Nf4 17. b4 f5 18. Bxf4 exf4 19. e5 dxe5 20. Nxe5 Qd6 21. c5 Qf6 22.
Qd3 Rad8 23. Qc4 Kh7 24. Rad1 f3 25. Nxf3 Nc8 26. Ne2 Qf7 27. Nf4 c6 28. Ne6
cxd5 29. Rxd5 1-0

[Event "MP Reykjavik Open 2011"]
[Site "Reykjavik ISL"]
[Date "2011.03.09"]
[Round "1.41"]
[White "Ariel, Donny"]
[Black "Knudsen, Jes West"]
[Result "1-0"]
[WhiteElo "2389"]
[BlackElo "1945"]
[PlyCount "69"]
[EventDate "2011.03.09"]
[EventType "swiss"]
[EventRounds "9"]
[EventCountry "ISL"]
[Source "lmi"]
[SourceDate "2011.03.09"]

1. e4 d5 2. exd5 Nf6 3. Nf3 Nxd5 4. d4 Bg4 5. Be2 Nc6 6. O-O Qd6 7. c4 Nf4 8.
Bxf4 Qxf4 9. Nbd2 O-O-O 10. d5 Bxf3 11. Nxf3 e6 12. Qb3 exd5 13. cxd5 Ne5 14.
Nxe5 Qxe5 15. Rfe1 Qf4 16. Rac1 Bd6 17. g3 Qf6 18. Bb5 Qd4 19. Red1 Qb6 20. Qd3
h5 21. Rc3 h4 22. g4 h3 23. Qf5+ Kb8 24. Rb3 Qc5 25. Bc6 b6 26. Qd3 Bxh2+ 27.
Kf1 Qxc6 28. dxc6 Rxd3 29. Rbxd3 Bd6 30. Re1 a5 31. Kg1 Rh4 32. Re8+ Ka7 33.
Rxd6 Rxg4+ 34. Kh2 Rc4 35. Re7 1-0

[Event "MP Reykjavik Open 2011"]
[Site "Reykjavik ISL"]
[Date "2011.03.09"]
[Round "1.42"]
[White "Klein, Gernot"]
[Black "Thorhallsson, Throstur"]
[Result "0-1"]
[WhiteElo "1924"]
[BlackElo "2387"]
[PlyCount "88"]
[EventDate "2011.03.09"]
[EventType "swiss"]
[EventRounds "9"]
[EventCountry "ISL"]
[Source "lmi"]
[SourceDate "2011.03.09"]

1. e4 c5 2. Nf3 Nc6 3. Nc3 d6 4. d4 cxd4 5. Nxd4 Nf6 6. Bg5 e6 7. Qd2 a6 8.
O-O-O Bd7 9. Kb1 Be7 10. h4 b5 11. Nxc6 Bxc6 12. f3 O-O 13. Bd3 Qc7 14. Qf2
Rfe8 15. g4 Rac8 16. Be3 b4 17. Ne2 d5 18. Rhf1 Bd6 19. g5 Nd7 20. h5 Ne5 21.
Nd4 Bb7 22. g6 fxg6 23. hxg6 h6 24. Qg2 Qe7 25. Rh1 Qf6 26. Rdg1 Bc5 27. f4
Nxd3 28. e5 Qf8 29. cxd3 Bxd4 30. Bxd4 Qxf4 31. Qf2 Qxf2 32. Bxf2 Rf8 33. Bb6
Bc6 34. Rf1 Bb5 35. Rxf8+ Rxf8 36. d4 Bd3+ 37. Kc1 Bxg6 38. Bc5 Rf2 39. Rg1 Kh7
40. a3 Rc2+ 41. Kd1 Rxb2 42. Rg3 b3 43. Rc3 Rg2 44. Bf8 b2 0-1

[Event "MP Reykjavik Open 2011"]
[Site "Reykjavik ISL"]
[Date "2011.03.09"]
[Round "1.43"]
[White "Devereaux, Maxim L"]
[Black "Saemundsson, Bjarni"]
[Result "1-0"]
[WhiteElo "2385"]
[BlackElo "1923"]
[PlyCount "45"]
[EventDate "2011.03.09"]
[EventType "swiss"]
[EventRounds "9"]
[EventCountry "ISL"]
[Source "lmi"]
[SourceDate "2011.03.09"]

1. Nf3 d5 2. b3 Nf6 3. Bb2 Nbd7 4. e3 g6 5. c4 c6 6. cxd5 cxd5 7. Nc3 Nb6 8. a4
a5 9. Bb5+ Bd7 10. Bxd7+ Qxd7 11. Nb5 Rc8 12. Bd4 Na8 13. Ne5 Qf5 14. Na7 Rc7
15. Qe2 Bg7 16. Qb5+ Kf8 17. O-O Ne4 18. Qxd5 Nd6 19. Nb5 Bxe5 20. Qxe5 f6 21.
Qxf5 Nxf5 22. Nxc7 Nxc7 23. Bb6 1-0

[Event "MP Reykjavik Open 2011"]
[Site "Reykjavik ISL"]
[Date "2011.03.09"]
[Round "1.44"]
[White "Ingason, Sigurdur"]
[Black "Sveshnikov, Vladimir"]
[Result "0-1"]
[WhiteElo "1918"]
[BlackElo "2379"]
[PlyCount "76"]
[EventDate "2011.03.09"]
[EventType "swiss"]
[EventRounds "9"]
[EventCountry "ISL"]
[Source "lmi"]
[SourceDate "2011.03.09"]

1. d4 d5 2. Nf3 Nf6 3. e3 c6 4. Bd3 Bg4 5. b3 Nbd7 6. Bb2 e6 7. Nbd2 Bd6 8. Qc1
O-O 9. O-O Qc7 10. c4 Rfe8 11. h3 Bh5 12. Qc3 e5 13. c5 exd4 14. exd4 Bf4 15.
Rfe1 Bxd2 16. Nxd2 Nf8 17. Nf1 Bg6 18. Ng3 Ne6 19. Bxg6 hxg6 20. Re3 Ng5 21.
Rae1 Nge4 22. Nxe4 Rxe4 23. Bc1 Rae8 24. f3 Rxe3 25. Rxe3 Rxe3 26. Bxe3 Nh7 27.
Qd2 Nf8 28. Bf4 Qd8 29. b4 Ne6 30. a4 Qh4 31. Be3 a6 32. Bf2 Qf6 33. Qd3 Nf4
34. Qc2 Qg5 35. Be1 Nxh3+ 36. Kh2 Nf4 37. g4 Ne6 38. Qf2 Qf4+ 0-1

[Event "MP Reykjavik Open 2011"]
[Site "Reykjavik ISL"]
[Date "2011.03.09"]
[Round "1.45"]
[White "Milliet, Sophie"]
[Black "Benediktsson, Frimann"]
[Result "1-0"]
[WhiteElo "2369"]
[BlackElo "1917"]
[PlyCount "69"]
[EventDate "2011.03.09"]
[EventType "swiss"]
[EventRounds "9"]
[EventCountry "ISL"]
[Source "lmi"]
[SourceDate "2011.03.09"]

1. e4 c5 2. Nf3 Nc6 3. c3 d5 4. exd5 Qxd5 5. d4 Bg4 6. Be2 e6 7. h3 Bh5 8. c4
Qd8 9. d5 exd5 10. g4 Bg6 11. cxd5 Qa5+ 12. Bd2 Nb4 13. a3 Nf6 14. O-O O-O-O
15. Nc3 Nd3 16. g5 Nh5 17. Nh4 Ndf4 18. Bg4+ Kb8 19. Qf3 Bd6 20. Ng2 f5 21.
Nxf4 fxg4 22. hxg4 Nxf4 23. Bxf4 Ka8 24. Bxd6 Rxd6 25. Rfe1 Rd7 26. Re5 Rhd8
27. Rae1 a6 28. R1e2 Qc7 29. Qe3 Bf7 30. Rd2 Rd6 31. f4 Qa5 32. Qe1 h6 33. g6
Bg8 34. Re7 Qb6 35. Qe5 1-0

[Event "MP Reykjavik Open 2011"]
[Site "Reykjavik ISL"]
[Date "2011.03.09"]
[Round "1.46"]
[White "Lee, Kai Jie Edward"]
[Black "Degtiarev, Evgeny"]
[Result "1/2-1/2"]
[WhiteElo "1913"]
[BlackElo "2368"]
[PlyCount "85"]
[EventDate "2011.03.09"]
[EventType "swiss"]
[EventRounds "9"]
[EventCountry "ISL"]
[Source "lmi"]
[SourceDate "2011.03.09"]

1. e4 c5 2. Nf3 d6 3. d4 cxd4 4. Nxd4 Nf6 5. f3 e5 6. Bb5+ Nbd7 7. Nf5 a6 8.
Bxd7+ Qxd7 9. c4 Qc6 10. Ne3 Be6 11. b3 b5 12. Qd3 bxc4 13. bxc4 Nh5 14. Nd5
Bxd5 15. exd5 Qc7 16. Be3 Be7 17. Nd2 O-O 18. O-O f5 19. Rac1 a5 20. Rfd1 Rf6
21. c5 dxc5 22. Nc4 Bd6 23. Nxd6 Qxd6 24. Bxc5 Qd7 25. g3 Rg6 26. d6 Kh8 27.
Qd5 Re8 28. Rb1 Nf6 29. Qb7 f4 30. Qxd7 Nxd7 31. Bf2 Kg8 32. Rb7 Rd8 33. Kf1
Re6 34. Ra7 Nf8 35. Bc5 fxg3 36. hxg3 Nd7 37. Ba3 e4 38. f4 Nb6 39. Bc5 Nc4 40.
d7 Kf7 41. Rc7 e3 42. Ke2 Rh6 43. Bxe3 1/2-1/2

[Event "MP Reykjavik Open 2011"]
[Site "Reykjavik ISL"]
[Date "2011.03.09"]
[Round "1.47"]
[White "Arngrimsson, Dagur"]
[Black "Rutten, David"]
[Result "1-0"]
[WhiteElo "2367"]
[BlackElo "1880"]
[PlyCount "45"]
[EventDate "2011.03.09"]
[EventType "swiss"]
[EventRounds "9"]
[EventCountry "ISL"]
[Source "lmi"]
[SourceDate "2011.03.09"]

1. e4 c5 2. c3 d5 3. exd5 Qxd5 4. d4 Nc6 5. Nf3 cxd4 6. cxd4 e5 7. Nc3 Bb4 8.
Bd2 Bxc3 9. Bxc3 e4 10. Ne5 Nxe5 11. dxe5 Ne7 12. Qa4+ Bd7 13. Qa3 Qe6 14. Rd1
O-O 15. Be2 Ng6 16. Qd6 Rad8 17. g3 Qh3 18. Qd4 Qg2 19. Rf1 Ne7 20. e6 Nf5 21.
Qe5 fxe6 22. g4 Rf6 23. gxf5 1-0

[Event "MP Reykjavik Open 2011"]
[Site "Reykjavik ISL"]
[Date "2011.03.09"]
[Round "1.48"]
[White "Frijling, Jeroen"]
[Black "Sareen, Vishal"]
[Result "0-1"]
[WhiteElo "1874"]
[BlackElo "2358"]
[PlyCount "64"]
[EventDate "2011.03.09"]
[EventType "swiss"]
[EventRounds "9"]
[EventCountry "ISL"]
[Source "lmi"]
[SourceDate "2011.03.09"]

1. d4 d5 2. c4 e6 3. Nf3 c6 4. g3 dxc4 5. Bg2 Nd7 6. O-O b5 7. Qc2 Bb7 8. a4
Ngf6 9. b3 cxb3 10. Qxb3 b4 11. Bb2 c5 12. dxc5 Bxc5 13. Rd1 Bd5 14. Qd3 Qb6
15. e3 O-O 16. Nbd2 Rfd8 17. a5 Qb7 18. Nb3 Be7 19. a6 Qb6 20. Bd4 Qb8 21. Nh4
Bxg2 22. Nxg2 e5 23. Bb2 Nc5 24. Qc2 Nxb3 25. Qxb3 Qb5 26. Ne1 Rxd1 27. Rxd1
Qxa6 28. Bxe5 Qe6 29. Qb2 a5 30. Nc2 b3 31. Na1 a4 32. Bd4 Rb8 0-1

[Event "MP Reykjavik Open 2011"]
[Site "Reykjavik ISL"]
[Date "2011.03.09"]
[Round "1.49"]
[White "Sipila, Vilka"]
[Black "Mihajlov, Sebastian"]
[Result "0-1"]
[WhiteElo "2347"]
[BlackElo "1871"]
[PlyCount "92"]
[EventDate "2011.03.09"]
[EventType "swiss"]
[EventRounds "9"]
[EventCountry "ISL"]
[Source "lmi"]
[SourceDate "2011.03.09"]

1. d4 d5 2. c4 c6 3. Nc3 Nf6 4. Nf3 dxc4 5. a4 Bf5 6. Ne5 Nbd7 7. Nxc4 Qc7 8.
g3 e5 9. dxe5 Nxe5 10. Bf4 Nfd7 11. Bg2 g5 12. Ne3 gxf4 13. Nxf5 O-O-O 14. Qc2
a5 15. O-O fxg3 16. hxg3 Bb4 17. Rac1 Nc5 18. Ne3 Kb8 19. Rfd1 Ne6 20. Qe4 Nc5
21. Qf4 Ne6 22. Qf6 Rxd1+ 23. Rxd1 Rd8 24. Rxd8+ Nxd8 25. Qh8 Ng6 26. Qxh7 Ne6
27. Qg8+ Ka7 28. Bh3 Nd4 29. Ned5 cxd5 30. Nxd5 Nxe2+ 31. Kg2 Qc1 32. Qd8 Qc6
33. Kh2 Qc5 34. Ne3 Ne5 35. Bg2 Qe7 36. Qd1 Nxg3 37. fxg3 Bc5 38. Nd5 Qg5 39.
Bh3 Bf2 40. Qb3 Qc1 41. Bg2 Bg1+ 42. Kh1 Ng4 43. Bf3 Qf1 44. Bxg4 Bf2+ 45. Kh2
Qg1+ 46. Kh3 Qh1# 0-1

[Event "MP Reykjavik Open 2011"]
[Site "Reykjavik ISL"]
[Date "2011.03.09"]
[Round "1.50"]
[White "Johannsson, Orn Leo"]
[Black "Forsaa, Espen"]
[Result "1-0"]
[WhiteElo "1859"]
[BlackElo "2340"]
[PlyCount "85"]
[EventDate "2011.03.09"]
[EventType "swiss"]
[EventRounds "9"]
[EventCountry "ISL"]
[Source "lmi"]
[SourceDate "2011.03.09"]

1. d4 Nf6 2. Nf3 g6 3. Bf4 Bg7 4. e3 d5 5. Bd3 c5 6. c3 Qb6 7. Qb3 c4 8. Qxb6
axb6 9. Bxb8 Rxb8 10. Bc2 b5 11. Nbd2 O-O 12. O-O Ne8 13. e4 dxe4 14. Nxe4 Nc7
15. a3 Re8 16. Rfe1 Nd5 17. Ng3 Bg4 18. Ne5 Be6 19. Rad1 Rbd8 20. Ne4 Bc8 21.
g3 Nb6 22. Kg2 Nd7 23. Nxd7 Rxd7 24. f4 Red8 25. h3 h6 26. Nf2 h5 27. g4 hxg4
28. hxg4 Kf8 29. Kf3 e6 30. f5 gxf5 31. gxf5 Rd6 32. f6 Bxf6 33. Ne4 Bg7 34.
Nxd6 Rxd6 35. Rf1 f5 36. Rh1 b6 37. Kf2 Bb7 38. Rh3 Rd7 39. Re1 Kf7 40. Bd1 e5
41. Bh5+ Ke6 42. dxe5 Be4 43. Rxe4 1-0

[Event "MP Reykjavik Open 2011"]
[Site "Reykjavik ISL"]
[Date "2011.03.09"]
[Round "1.51"]
[White "Johannesson, Ingvar Thor"]
[Black "Fivelstad, Jon Olav"]
[Result "1-0"]
[WhiteElo "2338"]
[BlackElo "1854"]
[PlyCount "53"]
[EventDate "2011.03.09"]
[EventType "swiss"]
[EventRounds "9"]
[EventCountry "ISL"]
[Source "lmi"]
[SourceDate "2011.03.09"]

1. c4 e5 2. g3 Nf6 3. Bg2 d5 4. cxd5 Nxd5 5. Nf3 Nc6 6. O-O Be7 7. Nc3 Nb6 8.
a3 a5 9. d3 O-O 10. Be3 Be6 11. Na4 Nd5 12. Bc5 Bd6 13. Rc1 Rc8 14. d4 exd4 15.
Nxd4 Nxd4 16. Qxd4 Qf6 17. Qd2 Rcd8 18. Bxd6 Rxd6 19. Rxc7 Rfd8 20. Rxb7 Nb6
21. Qxa5 Nc4 22. Qb4 Qe5 23. Rb8 h6 24. Nc5 Rd4 25. Rxd8+ Rxd8 26. Nxe6 Qxe6
27. Rc1 1-0